Регионална библиотека "Любен Каравелов" - Русе

[ЕксЕмЕл] XML и Java[CD-ROM] (Запис номер 222254)

MARC детайли
000 -Лидер
Контролно поле с фиксирана дължина 01937njm a2200421 c 4500
003 - Код на организацията, давaща контролен номер
Контролно поле BLK
005 - Дата и час на последна редакция
Контролно поле 20180421002510.0
008 - Елементи от данни с фиксирана дължина
fixed length control field 180410b bul||n||s|||||||| n|bulo|
010 ## - Наследен системен номер
LC control number CDD00004261000
020 ## - Международен стандартен номер на книга ISBN
Международен стандартен номер на книга ISBN 954-761-017-1
-- издат.: ИнфоДар
040 ## - Източник на каталожния запис
Идентификатор на билиотеката - собственик на записа BLK
041 ## - Код за език
Код за езика на текст/звукозапис или на отделно заглавие Български
Код за езика КДБФ Български
080 ## - УДК
Текстов определител УДК Езици за програмиране
УДК код - определител по УДК 519.682
УДК определител (035.034)
УДК - код + определител 519.682(035.034)
080 ## - УДК
Текстов определител УДК Изчислителни машини, електронни - програмиране
УДК код - определител по УДК 681.332.06
УДК определител (035.034)
УДК - код + определител 681.332.06(035.034)
100 1# - Редна дума - Автор
Автор Маруяма Хироши
Авторска отговорност първи автор
R(LIN) 93817
139 ## - Редно поле
Редна дума Маруяма Хироши и др.
Авторски знак Марту - М 35
245 10 - Сведения за заглавието
Заглавие [ЕксЕмЕл] XML и Java[CD-ROM]
Подзаглавни данни Разработване на Web приложения
Редно поле (дума) Маруяма Хироши; съавт. Урамото Наохико; съавт. Тамура Кент.
257 ## - Страна на издаване
Страна на създаване/издаване Япония
260 ## - Област на издателските данни
-- София
Име на издателя, разпространителя и проч. ИнфоДар
Година на издаване 2001
300 ## - Физическа характеристика
Страници (2.11 МВ)
Размери/Мащаб 12 см
306 ## - Продължителност на изпълнението
-- ф
380 ## - Жанр
Жанр Естествени науки. Математика
500 ## - Общи забележки
Забележка Дигитално изд. - прил. към кн. със същото загл. със сигн. 222202. Изт. : Книга, Загл. екран. - Съдържа и IBM VisialAge for Java 2.0.13 ; XML Parser for Java 1.1.16. - Съдържа : Xml java.
590 ## - Забележки на библиотеката, притежаваща документа (RLIN)
Служебно S.N: 116908 от КНИГИ
650 #4 - Допълнително описание по предмет – тема
Основно описание – тема или топоним Езици за програмиране - наръчници и ръководства
9 (RLIN) 241821
650 #4 - Допълнително описание по предмет – тема
Основно описание – тема или топоним Програмиране - наръчници и ръководства
9 (RLIN) 256574
653 ## - Ключова дума – ненормативна
Ключова дума езици за програмиране
653 ## - Ключова дума – ненормативна
Ключова дума XML
653 ## - Ключова дума – ненормативна
Ключова дума Java
653 ## - Ключова дума – ненормативна
Ключова дума CD-ROM
700 1# - Други автори (авторска отговорност)
Лично име Урамото Наохико
Автороска отговорност (Описва отношението между автора и произведението) съавт.
9 (RLIN) 133129
700 1# - Други автори (авторска отговорност)
Лично име Тамура Кент
Автороска отговорност (Описва отношението между автора и произведението) съавт.
9 (RLIN) 312218
852 ## - Местоположение
Форматна сигнатура Цб CD 721
Част 0
856 4# - Електронен адрес и достъп
Електронен формат pdf - файл
Път до файла /url/
856 4# - Електронен адрес и достъп
Електронен формат pdf - файл
Път до файла /url/
942 ## - АРТИКУЛИ
Вид на библиотечния материал Компактдискове
Скрит в OPAC Не
944 ## - СЪЗДАВАНЕ И РЕДАКЦИЯ на ЗАПИСА
Създаване/Редакция Създаване
Дата на регистрацията/редакция 17.01.2005
Служител, извършил регистрацията/редакцията Людмила_Стоянова
944 ## - СЪЗДАВАНЕ И РЕДАКЦИЯ на ЗАПИСА
Създаване/Редакция Редакция
Дата на регистрацията/редакция 29.10.2014
Служител, извършил регистрацията/редакцията
999 ## - СИСТЕМНИ КОНТРОЛНИ НОМЕРА
Koha biblionumber 222254
Koha biblioitemnumber 222254
Наличности
Код за отписване Код за изгубен артикул Код за повреда Коз за рестрикции Код за отдаване Артикулен № Име на библиотеката - собственик Име на библиотеката, в която се намира в момента Статус (Текущо местоположение) Дата на вписване в системата Местоположение - отдел Цена в лева Инвентарен номер Систематично азбучна сигнатура Баркод Номер на екземпляра Цена в евро Служебна бележка Служебен тип на артикула
  Не е изгубен Не е повреден без рестрикции ползва се в читалня 394203 Регионална библиотека "Любен Каравелов" Русе Регионална библиотека "Любен Каравелов" Русе Хранилище 2005-01-17 Хранилище 0.00 250000000898 Цб CD 721 250000000898 1 0.00 Дост: Dp Вид: Д N: 11 Дата: 02.03.2004 Компактдискове
Изтеглен Не е изгубен Не е повреден без рестрикции ползва се в читалня 394204 Регионална библиотека "Любен Каравелов" Русе Регионална библиотека "Любен Каравелов" Русе Читалня 2005-03-23 Читалня 2.00 250000000921 Ч 519.68/М 35 250000000921 2 1.02 Дост: Pk Вид: Ф N: 28706 Дата: 22.03.2005 Дата инв: 23.06.2010 Бележки инв: 2010 Компактдискове
Vip Innovations Ltd, Rousse, Bulgaria 2025